00466nam a2200157Ia 450000500170000000800410001710000180005824500430007625000110011926000170013030000110014765000100015894200070016899900170017595201160019220260328104247.0260328s9999||||xx |||||||||||||| ||und|| aPhilips, N.V. 0aContemporary Lighting /cN.V. Philips a1a ed. bN.V. Philips a214 p. aACERO cBK c10095d10095 001040708GENaGPCbGPCcGENd2026-03-28i4186l0o692.1 C 7672p4186r2026-03-28 15:42:47t1w2026-03-28yBK